| 000 | 00504cam a2200193ua 4500 | ||
|---|---|---|---|
| 020 | _c200 | ||
| 041 |
_aeng _h |
||
| 082 |
_a630.01 _bPRA/WO |
||
| 100 | _aPrasad, C . | ||
| 245 |
_aWomen in agriculture technological perpective / _cShriram. _hTextual Documents |
||
| 250 |
_a1 / _b. |
||
| 260 |
_aNew Delhi : _bInternational federation for women in agriculture , _c1990. |
||
| 300 | _a358 ; . | ||
| 365 | _a200 | ||
| 504 | _a | ||
| 700 | 1 | _aShriram, . | |
| 942 | _cBK | ||
| 999 |
_c3225 _d3225 |
||